000 00787nam a2200205Ia 4500
999 _c37928
_d37928
001 3907
003 GE_BSU
005 20190906170418.0
008 181216s1989||||ge |||||||||||||| ||geo||
040 _cGE_BSU
041 _ageo
080 _a123 ე–22
100 _aერქომაიშვილი, ვახტანგ
_9944
245 _aადამიანის თავისუფლება და პასუხისმგებლობის პრობლემა /
_cრედ. ა. შონია
264 _aბათუმი :
_bსაბჭ. აჭარა,
_c1989.
300 _a181 გვ. ;
_b17სმ.
653 _aთავისუფლება
700 _aშონია, ა.
_eრედაქტორი
_92035
942 _cBK
_2udc